Acta Metallurgica Slovaca : Mimoriadné číslo

Saved in:
Bibliographic Details
Format: Book
Language:Slovak
Published: Košice : HU TU, 1996
Subjects:
Tags: Add Tag
No Tags, Be the first to tag this record!

MARC

LEADER 00000nam a22000003a 4500
001 stu45386
005 20150408180244.7
008 960429s1996----cs------------------slo-d
040 |a STU  |b slo 
041 0 |a slo 
044 |a cs 
080 |a 620.22 
080 |a 621.03.002.3 
080 |a 669.01(082) 
245 |a Acta Metallurgica Slovaca :  |b Mimoriadné číslo 
260 |a Košice :  |b HU TU,  |c 1996 
300 |a 264 s 
650 7 |a materiály  |2 stusub 
650 7 |a metalurgia  |2 stusub 
650 7 |a zborníky  |2 stusub 
650 7 |a technológia strojárska  |2 stusub 
996 |b MZ 987  |c M*Z-987  |l MMKN  |s A  |a 24  |w stu45386_0001 
996 |b 284M087865  |c M*Z-988  |l MMKN  |s A  |a 24  |w stu45386_0002